| 000 | 00629nam a2200253 a 4500 | ||
|---|---|---|---|
| 003 | AR-BaBNM | ||
| 005 | 20251128203532.0 | ||
| 008 | 082120s2002 ||||||||||||||000 | spa|| | ||
| 040 | _cAR-BaBNM | ||
| 100 | 1 | _aGarcĂa Velloso, Enrique | |
| 245 | 0 | 0 |
_aEl arte del comediante _n3 |
| 260 |
_aBuenos Aires _bEstrada _c1926 |
||
| 300 | _a487 p. | ||
| 500 | _aContiene glosario en p. 465-482 | ||
| 650 | 4 | _aLITERATURA ARGENTINA | |
| 650 | 4 | _aTEATRO | |
| 650 | 4 | _aAUTORES | |
| 650 | 4 | _aSIGLO DIECIOCHO | |
| 650 | 4 | _aVIDA LITERARIA | |
| 650 | 4 | _aLITERATURA POPULAR | |
| 655 | _aLITERATURA | ||
| 942 | _cBK | ||
| 998 | _cisola | ||
| 999 |
_c3830 _d3830 |
||